| 000 | 00754nam a2200205Ia 4500 | ||
|---|---|---|---|
| 999 |
_c36440 _d36440 |
||
| 001 | 2355 | ||
| 003 | GE_BSU | ||
| 005 | 20221027111202.0 | ||
| 008 | 181216s2010tu xx |||||||||||||| ||tur|| | ||
| 020 | _a9783885137795 | ||
| 040 | _cGE_BSU | ||
| 041 | _atur | ||
| 080 | _a94(479.25) B-61 | ||
| 245 | _aBirbirimizle Konuşmar: Türkiye ve Ermenistag" da Kisiel Beller Anlatilari | ||
| 264 | _c2010. | ||
| 300 | _a168 c.: | ||
| 653 | _aBirbirimizle Konuşmar: Türkiye ve Ermenistag" da Kisiel Beller Anlatilari | ||
| 653 | _aჩვენ ვესაუბრებით ერთმანეთს: პირადი ბელერის ნარატივები თურქეთსა და სომხეთში | ||
| 942 |
_cBK _2udc |
||